Загрузка...

Memories of my melancholy whores /

Библиографические подробности
Главный автор: Garcia Marquez, Gabriel
Другие авторы: Grossman, Edith
Формат: Printed Book
Язык:English
Опубликовано: London: Penguin, c2005.
Предметы:
LEADER 00575 a2200169 4500
008 150103s9999 000 0 eng
020 |a 9780141028736 
082 |a 863 
100 |a Garcia Marquez, Gabriel. 
245 |a Memories of my melancholy whores / 
260 |a London:  |b Penguin,  |c c2005. 
300 |a 115 p. 
650 |a Spanish fiction. 
700 |a Grossman, Edith. 
942 |c BK 
999 |c 306103  |d 306103 
952 |0 0  |1 0  |2 ddc  |4 0  |6 863_000000000000000_GAR_ME  |7 0  |9 351141  |a DRA  |b DRA  |c ST1  |d 2012-03-22  |i 8041  |l 3  |o 863 GAR/ME  |p DRA8041  |r 2019-09-25  |s 2019-09-04  |v 250.00  |w 2012-03-22  |y BK